| 000 | 00647nam a2200193Ii 4500 | ||
|---|---|---|---|
| 003 | JO-AjNU | ||
| 008 | 230605s9999||||xx |||||||||||||| ||und|| | ||
| 040 |
_aJO-AjNU _bara _erda _cJO-AjNU |
||
| 041 | _aara | ||
| 050 | 1 | 4 | _aBP191.A2 |
| 100 | 3 |
_aالتميمي، عبد القاهر بن طاهر بن محمد , _eauthor _915014 |
|
| 245 | 0 | 0 | _aالفرق بين الفرق |
| 264 | 3 | 1 | _aبيروت: دار الكتب العلمية، د.ت |
| 300 | _a298ص | ||
| 336 |
_atext _btxt _2rdacontent |
||
| 337 |
_aunmediated _bn _2rdamedia |
||
| 338 |
_avolume _bnc _2rdacarrier |
||
| 650 | 4 |
_aالفرق الاسلامية- علم الكلام _915015 |
|
| 999 |
_aA4141 _c7709 _d7709 |
||